Development of a multi-purposes macidne for secondary tillage, fertilizing and planting some medicinal and aromatic plants (Record no. 56275)

MARC details
000 -LEADER
fixed length control field 01963cab a2200325Ia 45 0
001 - CONTROL NUMBER
control field u205524
003 - CONTROL NUMBER IDENTIFIER
control field SIRSI
008 - FIXED-LENGTH DATA ELEMENTS--GENERAL INFORMATION
fixed length control field 131110s2012 ua ss b eng d
040 ## - CATALOGING SOURCE
Original cataloging agency EAL
041 ## - LANGUAGE CODE
Language code of text/sound track or separate title eng
Language code of summary or abstract ara
090 ## - LOCALLY ASSIGNED LC-TYPE CALL NUMBER (OCLC); LOCAL CALL NUMBER (RLIN)
Classification number (OCLC) (R) ; Classification number, CALL (RLIN) (NR) ART MJAE V29 NO3 5
100 1# - MAIN ENTRY--PERSONAL NAME
Personal name EI-Shazly, M.A.
240 10 - UNIFORM TITLE
Uniform title Misr Journal of Agricultural Engineering, 2012 v.29 (3)
Medium [electronic resource].
245 10 - TITLE STATEMENT
Title Development of a multi-purposes macidne for secondary tillage, fertilizing and planting some medicinal and aromatic plants
Medium [electronic resource].
246 15 - VARYING FORM OF TITLE
Title proper/short title تطوير آلة متعددة الأغراض لتتميم مرقد البذرة وتسميد وزراعة بعض النباتات الطبية والعطرية.
300 ## - PHYSICAL DESCRIPTION
Extent p.951-972
504 ## - BIBLIOGRAPHY, ETC. NOTE
Bibliography, etc. note Includes references.
520 ## - SUMMARY, ETC.
Summary, etc. Field experiments were carried out to develop a multi-purposes machine for secondary tillage, fertilizing and planting some medicinal and aromatic plants; fennel (Foeniculum vulgare Mill.) and caraway (Carum carvi L.). The combination machine peiformance was evaluated comparing with the traditional method as a function of change in forward speed (2.1, 3.6, 4.5 and 6.3 kmlh), in terms of soil physical properties, seed scattering, emergence ratio, yield, power, energy and cost requirements. The experimental results revealed that soil physical properties, seed scattering, emergence, energy requirements and operational cost were in the optimum region under the following recommended conditions:
546 ## - LANGUAGE NOTE
Language note Summary in Arabic.
596 ## -
-- 1
650 #0 - SUBJECT ADDED ENTRY--TOPICAL TERM
Topical term or geographic name entry element Medicinal plants
General subdivision Machinery.
650 #0 - SUBJECT ADDED ENTRY--TOPICAL TERM
Topical term or geographic name entry element Aromatic plants
General subdivision Machinery.
650 #0 - SUBJECT ADDED ENTRY--TOPICAL TERM
Topical term or geographic name entry element Seeds
General subdivision Postharvest technology.
650 #0 - SUBJECT ADDED ENTRY--TOPICAL TERM
Topical term or geographic name entry element Field crops
General subdivision Seeds.
700 1# - ADDED ENTRY--PERSONAL NAME
Personal name Morad, M.M.
700 1# - ADDED ENTRY--PERSONAL NAME
Personal name Ali, M.M.
700 1# - ADDED ENTRY--PERSONAL NAME
Personal name Wasfy, K.I.
773 0# - HOST ITEM ENTRY
Title Misr Journal of Agricultural Engineering.
Related parts 2012.v.29(3)
International Standard Serial Number 1687-384X
Control subfield nnas
Record control number u192786
856 40 - ELECTRONIC LOCATION AND ACCESS
Uniform Resource Identifier <a href="http://nile.enal.sci.eg/EALE/2012/MJAE/2912/3/951.pdf">http://nile.enal.sci.eg/EALE/2012/MJAE/2912/3/951.pdf</a>
Public note Full Text Article
942 ## - ADDED ENTRY ELEMENTS (KOHA)
Koha item type Articles
Source of classification or shelving scheme Library of Congress Classification

No items available.


Home | About ENAL | Collections | Services | Activities | Calendar | Contact us

7 Nadi El Sayed St., Giza, Egypt | Phone:02-33351121 +02-33351313 | 
| Email: enalegypt@gmail.com